Някои практически мерки и подходи за по-нататъшното осъществяване решенията на Юлския пленум на ЦК на БКП (Запис номер 185319)
[ съкратено ]
| 000 -Лидер | |
|---|---|
| Контролно поле с фиксирана дължина | 01566nam a2200313 c 4500 |
| 003 - Код на организацията, давaща контролен номер | |
| Контролно поле | BLK |
| 005 - Дата и час на последна редакция | |
| Контролно поле | 20240405005400.0 |
| 008 - Елементи от данни с фиксирана дължина | |
| fixed length control field | 180411b bul|||||r ||||||| ||bul|| |
| 010 ## - Наследен системен номер | |
| LC control number | KNG00194312000 |
| 040 ## - Източник на каталожния запис | |
| Идентификатор на билиотеката - собственик на записа | BLK |
| 041 ## - Код за език | |
| Код за езика на текст/звукозапис или на отделно заглавие | Български |
| Код за езика КДБФ | Български |
| 080 ## - УДК | |
| Текстов определител УДК | Издания на конгреси, конференции, събрания |
| УДК код - определител по УДК | 329(063) |
| УДК определител | (497.2)БКП |
| УДК - код + определител | 329(063)(497.2)БКП |
| 100 ## - Редна дума - Автор | |
| Автор | Живков, Тодор Христов |
| Дати, свързани с автора | 1911 - 1998 |
| Автор - информация (биография) | Български политик, БКП. Първи секретар и генерален секретар на ЦК на БКП, председател на Министерския съвет и председател на Държавния съвет на НРБ |
| R(LIN) | 365041 |
| 139 ## - Редно поле | |
| Редна дума | Живков, Тодор Христов |
| Авторски знак | Живк - Ж 48 |
| 245 10 - Сведения за заглавието | |
| Заглавие | Някои практически мерки и подходи за по-нататъшното осъществяване решенията на Юлския пленум на ЦК на БКП |
| Подзаглавни данни | Докл. на пленума на ЦК на БКП 13 ноем. 1987 г. |
| Редно поле (дума) | Тодор Христов Живков. |
| 257 ## - Страна на издаване | |
| Страна на създаване/издаване | България |
| 260 ## - Област на издателските данни | |
| Име на издателя, разпространителя и проч. | Партиздат |
| Година на издаване | 1987 |
| 300 ## - Физическа характеристика | |
| Страници | 64 с. |
| Размери/Мащаб | 20 см |
| 380 ## - Жанр | |
| Жанр | Обществени науки |
| 500 ## - Общи забележки | |
| Забележка | 100 110 тир. |
| 650 #4 - Допълнително описание по предмет – тема | |
| Основно описание – тема или топоним | БКП - конгреси, пленуми, конференции |
| 9 (RLIN) | 274639 |
| 852 ## - Местоположение | |
| Форматна сигнатура | Цб 150605 |
| 856 4# - Електронен адрес и достъп | |
| Електронен формат | pdf - файл |
| 856 4# - Електронен адрес и достъп | |
| Електронен формат | pdf - файл |
| 999 ## - СИСТЕМНИ КОНТРОЛНИ НОМЕРА | |
| Koha biblionumber | 185319 |
| Koha biblioitemnumber | 185319 |
| 942 ## - АРТИКУЛИ | |
| Вид на библиотечния материал | Книги |
| Скрит в OPAC | Не |
| Периодичен библиозапис | Да |
| 944 ## - СЪЗДАВАНЕ И РЕДАКЦИЯ на ЗАПИСА | |
| Създаване/Редакция | Създаване |
| Дата на регистрацията/редакция | 24.10.2016 |
| Служител, извършил регистрацията/редакцията | |
| Статус, дата на статуса | CRON CRON |
| 944 ## - СЪЗДАВАНЕ И РЕДАКЦИЯ на ЗАПИСА | |
| Създаване/Редакция | Редакция |
| Дата на регистрацията/редакция | 24.10.2016 |
| Служител, извършил регистрацията/редакцията | Правда_Бадева |
| 999 ## - СИСТЕМНИ КОНТРОЛНИ НОМЕРА | |
| Koha biblioitemnumber | 185319 |
| Код за отписване | Код за изгубен артикул | Източник на класификационната схема | Код за повреда | Коз за рестрикции | Код за отдаване | Артикулен № | Име на библиотеката - собственик | Име на библиотеката, в която се намира в момента | Статус (Текущо местоположение) | Дата на вписване в системата | Местоположение - отдел | Цена в лева | Инвентарен номер | Систематично азбучна сигнатура | Баркод | Номер на екземпляра | Цена в евро | Служебна бележка | Служебен тип на артикула |
|---|---|---|---|---|---|---|---|---|---|---|---|---|---|---|---|---|---|---|---|
| Не е изгубен | Universal Decimal Classification | Не е повреден | без рестрикции | ползва се в читалня | 320989 | Регионална библиотека "Любен Каравелов" Русе | Регионална библиотека "Любен Каравелов" Русе | Хранилище | 1987-01-01 | Хранилище | 0.20 | 487251 | Цб 150605 | 120000487251 | 1 | 0.10 | N: стар фонд Дата: 01.01.1987 | Книги | |
| Изтеглен | Не е изгубен | Universal Decimal Classification | Не е повреден | без рестрикции | заемане за дома | 320990 | Регионална библиотека "Любен Каравелов" Русе | Регионална библиотека "Любен Каравелов" Русе | Заемна - подръчен фонд | 1987-01-01 | Заемна - подръчен фонд | 0.20 | 489380 | П 329(497.2)/Ж 48 | 489380 | 2 | 0.10 | N: стар фонд Дата: 01.01.1987 | Книги |
| Изтеглен | Не е изгубен | Universal Decimal Classification | Не е повреден | без рестрикции | заемане за дома | 320991 | Регионална библиотека "Любен Каравелов" Русе | Регионална библиотека "Любен Каравелов" Русе | Заемна - подръчен фонд | 1987-01-01 | Заемна - подръчен фонд | 0.20 | 489767 | П 329(497.2)/Ж 48 | 489767 | 3 | 0.10 | N: стар фонд Дата: 01.01.1987 | Книги |
| Изтеглен | Не е изгубен | Universal Decimal Classification | Не е повреден | без рестрикции | заемане за дома | 320992 | Регионална библиотека "Любен Каравелов" Русе | Регионална библиотека "Любен Каравелов" Русе | Заемна - подръчен фонд | 1987-01-01 | Заемна - подръчен фонд | 0.20 | 489774 | П 329(497.2)/Ж 48 | 489774 | 4 | 0.10 | N: стар фонд Дата: 01.01.1987 | Книги |